|
|
|
|
| LEADER |
02567nam a2200349 i 4500 |
| 001 |
37480 |
| 003 |
BD-DhAAL |
| 005 |
20220424112353.0 |
| 008 |
220424t2021 enk b 001 0 eng |
| 999 |
|
|
|c 44052
|d 44052
|
| 010 |
|
|
|a 2020948011
|
| 020 |
|
|
|a 9780198847960
|q (hardback)
|
| 020 |
|
|
|z 9780192587206
|q (epub)
|
| 020 |
|
|
|z 9780191882555
|
| 040 |
|
|
|a DLC
|b eng
|e rda
|c DLC
|d BD-DhAAL
|
| 042 |
|
|
|a pcc
|
| 050 |
0 |
0 |
|a KZ6471
|b .H36 2021
|
| 082 |
|
|
|a 341.67
|2 23
|
| 245 |
0 |
4 |
|a The handbook of international humanitarian law /
|c edited by Dieter Fleck ; in collaboration with Michael Bothe ... [et al.].
|
| 250 |
|
|
|a Fourth edition.
|
| 260 |
|
|
|a Oxford, United Kingdom :
|b Oxford University Press,
|c 2021
|
| 300 |
|
|
|a xliv, 764 pages ;
|c 25 cm.
|
| 490 |
0 |
|
|a Oxford handbooks
|
| 504 |
|
|
|a Includes bibliographical references and index.
|
| 505 |
0 |
|
|a Introduction / Dieter Fleck -- Historical Developments and Legal Basis / Mary Ellen O'Connell -- Scope of Application of International Humanitarian Law / Jann K. Kleffner -- General Principles of International Humanitarian Law / Nobuo Hayashi -- Combatants and Non-Combatants / Knut Ipsen -- Means of Combat / Marco Longobardo and Dieter Fleck -- Methods of Combat / Stefan Oeter -- Protection of Civilians / Knut Dörmann -- Occupation / Knut Dörmann and Sylvain Vité -- Protection of the Environment in Relation to Armed Conflicts / Michael Bothe -- Humanitarian Assistance / Knut Dörmann and Tristan Ferraro -- Protection of the Wounded, Sick, and Shipwrecked / Jann K. Kleffner with Wolff Heintschel von Heinegg -- Protection of Prisoners in Armed Conflict / Sandra Krähenmann -- Human Rights in Armed Conflct / Jann K. Kleffner -- Protection of Religious Personnel / Nilendra Kumar -- Protection of Cultural Property / Roger O'Keefe -- The Law of Armed Conflict at Sea / Wolff Heintschel von Heinegg -- The Law of Neutrality / Michael Bothe -- The Law of Non-International Armed Conflict / Dieter Fleck -- The Law of International Peace Operations / Ben F. Klappe -- Implementation and Enforcement of International Humanitarian Law / Silja Vöneky -- Annex: Distinctive Emblems.
|
| 526 |
|
|
|a ARC PPDM
|
| 541 |
|
|
|a Book finder
|e 38480
|
| 650 |
|
0 |
|a Humanitarian law.
|9 48181
|
| 650 |
|
0 |
|a War (International law)
|9 48182
|
| 700 |
1 |
|
|a Fleck, Dieter,
|e editor.
|9 48183
|
| 942 |
|
|
|2 ddc
|c BK
|
| 952 |
|
|
|0 0
|1 0
|2 ddc
|4 0
|6 341_670000000000000_HAN
|7 0
|9 70526
|a BRACUL
|b BRACUL
|c GEN
|d 2022-04-19
|e Book Finder International
|g 4069.23
|l 5
|m 50
|o 341.67 HAN
|p 3010038480
|r 2025-07-08
|s 2025-02-12
|t 1
|v 4069.23
|w 2022-04-19
|y BK
|